000 00314nam a2200121Ia 4500
008 210430s9999 xx 000 0 und d
082 _a546 L4771 C
100 _aJ.D. Lee
_911054
245 _aConcise Inorganic Chemistry
_cJ.D. Lee
260 _aUK
_bBlackwell Science
_c1447
300 _a1032p
942 _cBK
_2ddc
999 _c562571
_d562571